00311nam a2200133Ia 4500008004100000020001500041041001200056082001600068100002000084245002600104260002500130300000800155650001400163221030s9999 xx 000 0 und d a0070534772 aEnglish a105.23bBal aE. Balagurusamy 0aProgamming in ANSI C bTMHaNew Delhic2004 a493 aComputers